| 000 | 00531cam a2200193ua 4500 | ||
|---|---|---|---|
| 001 | 1825 | ||
| 008 | 110811n ii |||gr||||Z||||||eng | ||
| 020 | _a81-7339-099-1 | ||
| 040 | _cMAIN | ||
| 082 | _a370.54 | ||
| 100 | _aSharma, Tarun Kumar., | ||
| 245 |
_aAdhunik bharatar sikshyar etihash aru samasyawoli. _cBy Tarun Kumar Sharma. |
||
| 250 | _a1st. | ||
| 260 |
_adibrugarh: _bBanalata.,992. |
||
| 300 |
_a470 p.: _c23 cm. |
||
| 653 | _aEducation. | ||
| 653 | _aAdhunik bharatar sikshar itihas aru samashyawali | ||
| 942 | _cBK | ||
| 999 |
_c1708 _d1708 |
||